| 000 | 00424nam a2200181Ia 4500 | ||
|---|---|---|---|
| 003 | OSt | ||
| 005 | 20240311114445.0 | ||
| 008 | 210210b1927 xxu||||| |||| 00| 0 eng d | ||
| 040 | _cAL | ||
| 041 | _aeng | ||
| 082 | _a822/943 | ||
| 100 |
_aPATER (Walter) _9153676 |
||
| 245 | _aSelected essays | ||
| 260 |
_aLondon _bMacmillan & Co. Ltd. _c1927 |
||
| 690 |
_aEnglish Prose _9153679 |
||
| 906 | _a013126 | ||
| 942 |
_2ddc _cBK |
||
| 999 |
_c131971 _d131971 |
||